000 00904nac a22002411u 4500
020 _a0824771974 (v. 1)
082 _a620.11
_bY681
090 _c3934
_d3934
100 _a20080729
245 _aMaterials and processes
_c edited by James F. Young, Robert S. Shane.
_nPart A
_pMaterials /
250 _a3rd ed.
260 _aNew York :
_b M. Dekker, 1985.
_c1985
300 _a855 p.:
_bill. ;
_c26 cm.
490 _a Materials engineering ;
_vv. 2
504 _aIncludes bibliographies and index.
650 _aMaterials.
650 _aManufacturing processes
700 _aYoung, James F.,
_d 1917-1980.
700 _aShane, Robert Samuel,
_d 1910
830 _aMaterials engineering (Marcel Dekker, Inc.) ; v. 2
942 _cBB
_k620.11Y681
999 _c3934
_d3934